Statistics for Top 100 Biggest Cities in Democratic Republic of the Congo

Click here to take the quiz!

General Stats

  • This quiz has been taken 50 times
  • The average score is 13 of 100

Answer Stats

#CityPopulation% Correct
1Kinshasa8,900,721
100%
2Lubumbashi1,630,186
81%
10Goma377,112
72%
5Kananga967,007
72%
3Mbuji-Mayi1,559,073
72%
6Kisangani868,672
69%
4Bukavu1,012,053
41%
9Likasi422,535
38%
7Tshikapa524,293
34%
19Boma167,326
31%
11Kikwit370,328
31%
15Matadi291,338
25%
14Mbandaka324,236
25%
13Bunia327,837
22%
16Butembo204,452
22%
17Kabinda192,364
22%
8Kolwezi451,168
22%
12Uvira337,448
19%
27Bumba103,328
16%
30Kalemie92,400
16%
21Kamina143,753
16%
20Kindu163,587
16%
18Mwene-Ditu190,718
16%
23Bandundu137,460
13%
24Gemena132,971
13%
36Ilebo72,059
13%
33Lisala79,235
13%
28Mbanza-Ngungu97,037
13%
89Aru29,801
9%
55Buta53,401
9%
22Gandajika140,556
9%
43Idiofa58,637
9%
60Kalima47,030
9%
64Kenge42,884
9%
40Kongolo62,455
9%
49Manono56,048
9%
68Aketi40,507
6%
26Baraka115,289
6%
95Basankusu27,492
6%
29Beni95,407
6%
82Bolobo31,735
6%
52Bulungu54,880
6%
79Fungurume32,399
6%
59Gbadolite48,083
6%
34Inkisi77,797
6%
61Inongo46,657
6%
84Kasangulu30,724
6%
53Kasongo54,743
6%
54Kimpese53,660
6%
41Lodja61,689
6%
85Masi-Manimba30,542
6%
31Moanda86,896
6%
65Mushie42,409
6%
51Mweka55,155
6%
66Nioki40,979
6%
57Oicha50,559
6%
67Yangambi40,932
6%
38Bakwa-Kalonji69,619
3%
56Balamba52,860
3%
58Basoko50,352
3%
39Binga64,639
3%
76Boende33,765
3%
35Bukama75,814
3%
77Businga32,590
3%
73Dibaya-Lubue37,390
3%
96Djugu27,112
3%
97Dungu26,894
3%
44Kabalo58,332
3%
86Kabeya-Kamwanga30,027
3%
37Kambove71,756
3%
47Kaniama57,507
3%
88Kanyabayonga29,936
3%
92Katanda29,146
3%
42Katwa60,591
3%
75Kayna34,653
3%
87Kipamba30,026
3%
25Kipushi121,831
3%
74Kirumba35,290
3%
62Kituku43,640
3%
72Kutu37,405
3%
100Libenge23,962
3%
98Lubao26,694
3%
94Lubero28,293
3%
91Luebo29,167
3%
83Lukula31,394
3%
70Luputa37,848
3%
80Lusambo32,340
3%
93Malemba-Nkulu28,472
3%
63Mangai43,155
3%
71Mangina37,594
3%
50Miabi55,328
3%
45Moba58,324
3%
90Mongbwalu29,672
3%
46Mulongo57,775
3%
69Nyunzu40,460
3%
99Pweto24,767
3%
48Rutshuru56,066
3%
32Tshilenge80,348
3%
81Watsa31,978
3%
78Zongo32,516
3%

Score Distribution

Percentile by Number Answered

Percent of People with Each Score

Your Score History

You have not taken this quiz